A Magyar Kémikusok Egyesülete [rövid hír]
Elmentve itt :
| Dokumentumtípus: | Cikk |
|---|---|
| Megjelent: |
1950-05-19
|
| Sorozat: | Délmagyarország
|
| Kulcsszavak: | Buzágh Aladár, Gábor Miklós, Kémia előadás Szeged 1950, Ismeretterjesztés előadás Szeged 1950 |
| Online Access: | http://dmarchiv.bibl.u-szeged.hu/34869 |
| LEADER | 00496nab a2200145 i 4500 | ||
|---|---|---|---|
| 001 | delm34869 | ||
| 005 | 20180927112850.0 | ||
| 008 | 180927s1950 hu o 0|| hun d | ||
| 040 | |a SZTE Délmagyarország Archívum |b hun | ||
| 041 | |a hun | ||
| 245 | 0 | 2 | |a A Magyar Kémikusok Egyesülete |h [elektronikus dokumentum] : |b [rövid hír] |
| 260 | |c 1950-05-19 | ||
| 300 | |a 6 | ||
| 490 | 0 | |a Délmagyarország | |
| 695 | |a Buzágh Aladár, Gábor Miklós, Kémia előadás Szeged 1950, Ismeretterjesztés előadás Szeged 1950 | ||